书目信息 |
| 题名: |
施工现场安全防护与职业卫生
|
|
| 作者: | 赵志刚 , 高克送 主编 | |
| 分册: | ||
| 出版信息: | 北京 中国建筑工业出版社 2017.03 |
|
| 页数: | 96页 | |
| 开本: | 21cm | |
| 丛书名: | ||
| 单 册: | ||
| 中图分类: | TU714 | |
| 科图分类: | ||
| 主题词: | 建筑工程--施工现场--安全管理--技术培训--教材 , 劳动卫生--卫生管理--技术培训--教材 | |
| 电子资源: | ||
| ISBN: | 978-7-112-20253-9 | |
| 000 | 00984nam0 2200265 450 | |
| 001 | 0100004168 | |
| 005 | 20190306093145.94 | |
| 010 | @a978-7-112-20253-9@dCNY12.00 | |
| 100 | @a20170420d2017 em y0chiy50 ea | |
| 101 | 0 | @achi |
| 102 | @aCN@b110000 | |
| 105 | @aak z 000yy | |
| 200 | 1 | @a施工现场安全防护与职业卫生@Ashi gong xian chang an quan fang hu yu zhi ye wei sheng@f本书编委会编 |
| 210 | @a北京@c中国建筑工业出版社@d2017.03 | |
| 215 | @a96页@c图@d21cm | |
| 300 | @a建筑工人技能培训教程 | |
| 314 | @a主编:赵志刚,高克送 | |
| 330 | @a本书内容共2章,第一章施工现场安全防护;第二章施工现场职业卫生。具体内容包括:基坑与沟槽施工安全防护;模板施工作业安全防护;临边与洞口安全防护等。 | |
| 606 | 0 | @a建筑工程@x施工现场@x安全管理@x技术培训@j教材 |
| 606 | 0 | @a劳动卫生@x卫生管理@x技术培训@j教材 |
| 690 | @aTU714@v5 | |
| 701 | 0 | @a赵志刚@Azhao zhi gang@4主编 |
| 701 | 0 | @a高克送@Agao ke song@4主编 |
| 801 | 0 | @aCN@c20171024 |
| 905 | @a河南城建学院图书馆@dTU714@eZ341 | |
| 施工现场安全防护与职业卫生/本书编委会编.-北京:中国建筑工业出版社,2017.03 |
| 96页:图;21cm |
| 建筑工人技能培训教程 |
| ISBN 978-7-112-20253-9:CNY12.00 |
| 本书内容共2章,第一章施工现场安全防护;第二章施工现场职业卫生。具体内容包括:基坑与沟槽施工安全防护;模板施工作业安全防护;临边与洞口安全防护等。 |
| ● |
| 相关链接 |
|
|
|
正题名:施工现场安全防护与职业卫生
索取号:TU714/Z341
 
预约/预借
| 序号 | 登录号 | 条形码 | 馆藏地/架位号 | 状态 | 备注 |
| 1 | 1305158 | 213051588 | 建筑库201/201建筑库 26排3列2层/ [索取号:TU714/Z341] | 在馆 | |
| 2 | 1338768 | 213387681 | 建筑库201/201建筑库 26排3列2层/ [索取号:TU714/Z341] | 在馆 | |
| 3 | 1338769 | 213387690 | 建筑库201/201建筑库 26排3列2层/ [索取号:TU714/Z341] | 在馆 |